<?xml version="1.0" encoding="UTF-8"?>
<record
    xmlns:xsi="http://www.w3.org/2001/XMLSchema-instance"
    xsi:schemaLocation="http://www.loc.gov/MARC21/slim http://www.loc.gov/standards/marcxml/schema/MARC21slim.xsd"
    xmlns="http://www.loc.gov/MARC21/slim">

  <leader>04152cam a22004454i 4500</leader>
  <controlfield tag="003">PE-LiUPU</controlfield>
  <controlfield tag="005">20250731165418.0</controlfield>
  <controlfield tag="008">151210s2013    pe a   grm    000 0 spa d</controlfield>
  <datafield tag="035" ind1=" " ind2=" ">
    <subfield code="a">(Sirsi) a155469</subfield>
  </datafield>
  <datafield tag="040" ind1=" " ind2=" ">
    <subfield code="a">PE-LiUPU</subfield>
    <subfield code="b">spa</subfield>
    <subfield code="c">PE-LiUPU</subfield>
    <subfield code="e">rda</subfield>
  </datafield>
  <datafield tag="099" ind1=" " ind2=" ">
    <subfield code="a">TT 3</subfield>
    <subfield code="b">A45 2013</subfield>
  </datafield>
  <datafield tag="100" ind1="1" ind2=" ">
    <subfield code="a">Alvarez Zald&#xFA;a, Cristhian John</subfield>
    <subfield code="e">autor</subfield>
  </datafield>
  <datafield tag="245" ind1="1" ind2=" ">
    <subfield code="a">Identificaci&#xF3;n y predicaci&#xF3;n a los "Esp&#xED;ritus Encarcelados" en 1 pedro 3: 18-20 /</subfield>
    <subfield code="C">risthian John Alvarez Zald&#xFA;a.</subfield>
  </datafield>
  <datafield tag="264" ind1=" " ind2="0">
    <subfield code="c">2013.</subfield>
  </datafield>
  <datafield tag="300" ind1=" " ind2=" ">
    <subfield code="a">109 hojas : </subfield>
    <subfield code="b">ilustraciones;</subfield>
    <subfield code="c">28 cm</subfield>
  </datafield>
  <datafield tag="336" ind1=" " ind2=" ">
    <subfield code="a">text</subfield>
    <subfield code="2">rdacontent</subfield>
  </datafield>
  <datafield tag="337" ind1=" " ind2=" ">
    <subfield code="a">unmediated</subfield>
    <subfield code="2">rdamedia</subfield>
  </datafield>
  <datafield tag="338" ind1=" " ind2=" ">
    <subfield code="a">volume</subfield>
    <subfield code="2">rdacarrier</subfield>
  </datafield>
  <datafield tag="502" ind1=" " ind2=" ">
    <subfield code="a">Tesis</subfield>
    <subfield code="b">(Mg.) -- </subfield>
    <subfield code="c">Universidad Peruana Uni&#xF3;n,</subfield>
    <subfield code="d">2013.</subfield>
  </datafield>
  <datafield tag="504" ind1=" " ind2=" ">
    <subfield code="a">Incluye referencias</subfield>
  </datafield>
  <datafield tag="520" ind1="3" ind2=" ">
    <subfield code="a">Esta investigaci&#xF3;n es un trabajo exeg&#xE9;tico-teol&#xF3;gico que se fundamenta en la metodolog&#xED;a gram&#xE1;tico-hist&#xF3;rica. El Proceso exeg&#xE9;tico considera la siguiente disposici&#xF3;n: (1) se establece el texto griego, a partir de los diferentes aparatos cr&#xED;ticos disponibles; (2) se establece la traducci&#xF3;n m&#xE1;s adecuada; (3) se establece un an&#xE1;lisis literario y gramatical de la per&#xED;copa que permita conectar con cada una de las partes; (4) se realiza un an&#xE1;lisis hist&#xF3;rico y religioso, prestando atenci&#xF3;n detenida a la literatura religiosa jud&#xED;a que circulaba en la &#xE9;poca apost&#xF3;lica, espec&#xED;ficamente el libro de 1 Enoc, para obtener informaci&#xF3;n de los conceptos comunes que Pedro pudo haber utilizado en sus declaraciones can&#xF3;nicas, especialmente en su menci&#xF3;n a los "esp&#xED;ritus encarcelados" que desobedecieron en los d&#xED;as de No&#xE9;; (5) se establece cu&#xE1;l pudo haber sido el significado para los lectores originales, a la luz de la tem&#xE1;tica que Pedro considera tanto en su ep&#xED;stola, como en sus contextos m&#xE1;s cercanos; (6) finalmente se establece el sentido teol&#xF3;gico que el pasaje tiene para nuestros d&#xED;as.  Uno de los pasajes m&#xE1;s controvertidos en los estudios del Nuevo Testamento lo constituye la per&#xED;copa de 1 de Pedro 3:18-20, especialmente la menci&#xF3;n a los "esp&#xED;ritus encarcelados" del vers&#xED;culo 19. Una revisi&#xF3;n de la literatura religiosa actual, muestra una variedad de interpretaciones, permitiendo identificar tres corrientes principales de interpretaci&#xF3;n. La primera posici&#xF3;n interpreta que estos esp&#xED;ritus en prisi&#xF3;n son esp&#xED;ritus de muertos contenidos en alguna prisi&#xF3;n espiritual, a quienes Cristo en alg&#xFA;n momento entre su muerte y su resurrecci&#xF3;n en forma espiritual baj&#xF3; a predicarles un mensaje de esperanza. La segunda posici&#xF3;n, rechaza la presuposici&#xF3;n de la inmortalidad del alma, e interpreta que estos esp&#xED;ritus en prisi&#xF3;n no son esp&#xED;ritus de muertos que reciben otra oportunidad en ultratumba, sino seres humanos vivos a quienes se predic&#xF3; el evangelio de salvaci&#xF3;n "cuando en los d&#xED;as de No&#xE9;", la paciencia de Dios esperaba" (v.20). De acuerdo a esta posici&#xF3;n, se los interpreta en prisi&#xF3;n para describir la condici&#xF3;n vil y pecaminosa en la que viv&#xED;an los antediluvianos en esos d&#xED;as; y la predicci&#xF3;n de Cristo descrita por Pedro, se habr&#xED;a llevado a cabo a trav&#xE9;s del ministerio de No&#xE9; cuando este invitaba a esa gente a entrar al arca antes de la llegada del diluvio. La tercera posici&#xF3;n diferente a las dem&#xE1;s, considera que los esp&#xED;ritus encarcelados mencionados aqu&#xED; se refiere a los &#xE1;ngeles inicuos que se rebelaron contra Dios, los mismos que estar&#xED;an confinados en prisiones espirituales de oscuridad. La predicaci&#xF3;n de Cristo se habr&#xED;a dado despu&#xE9;s de su resurrecci&#xF3;n y su mensaje habr&#xED;a sido de triunfo y victoria sobre estos &#xE1;ngeles.</subfield>
  </datafield>
  <datafield tag="526" ind1=" " ind2=" ">
    <subfield code="a">SEG44</subfield>
  </datafield>
  <datafield tag="526" ind1=" " ind2=" ">
    <subfield code="a">SEG26</subfield>
  </datafield>
  <datafield tag="526" ind1=" " ind2=" ">
    <subfield code="a">P151</subfield>
  </datafield>
  <datafield tag="526" ind1=" " ind2=" ">
    <subfield code="a">P150</subfield>
  </datafield>
  <datafield tag="526" ind1=" " ind2=" ">
    <subfield code="a">P149</subfield>
  </datafield>
  <datafield tag="526" ind1=" " ind2=" ">
    <subfield code="a">P146</subfield>
  </datafield>
  <datafield tag="526" ind1=" " ind2=" ">
    <subfield code="a">P145</subfield>
  </datafield>
  <datafield tag="526" ind1=" " ind2=" ">
    <subfield code="a">P126</subfield>
  </datafield>
  <datafield tag="526" ind1=" " ind2=" ">
    <subfield code="a">P125</subfield>
  </datafield>
  <datafield tag="526" ind1=" " ind2=" ">
    <subfield code="a">P92</subfield>
  </datafield>
  <datafield tag="526" ind1=" " ind2=" ">
    <subfield code="a">P75</subfield>
  </datafield>
  <datafield tag="526" ind1=" " ind2=" ">
    <subfield code="a">P74</subfield>
  </datafield>
  <datafield tag="526" ind1=" " ind2=" ">
    <subfield code="a">P27</subfield>
  </datafield>
  <datafield tag="526" ind1=" " ind2=" ">
    <subfield code="a">P15</subfield>
  </datafield>
  <datafield tag="650" ind1="0" ind2="4">
    <subfield code="a">Biblia</subfield>
    <subfield code="p">N.T.</subfield>
    <subfield code="p">Corintios I 3:18-20</subfield>
    <subfield code="x">Comentarios</subfield>
  </datafield>
  <datafield tag="596" ind1=" " ind2=" ">
    <subfield code="a">1</subfield>
  </datafield>
  <datafield tag="942" ind1=" " ind2=" ">
    <subfield code="2">ddc</subfield>
    <subfield code="c">TESIS</subfield>
  </datafield>
  <datafield tag="999" ind1=" " ind2=" ">
    <subfield code="a">TT 3 A45 2013</subfield>
    <subfield code="w">ALPHANUM</subfield>
    <subfield code="c">8147</subfield>
    <subfield code="i">T01355</subfield>
    <subfield code="d">8147</subfield>
    <subfield code="l">CCODEBUL3</subfield>
    <subfield code="m">BUL</subfield>
    <subfield code="q">2</subfield>
    <subfield code="r">1</subfield>
    <subfield code="s">Y</subfield>
    <subfield code="t">TESIS</subfield>
    <subfield code="u">2015-12-10</subfield>
    <subfield code="x">POSGRADO</subfield>
    <subfield code="P">P85</subfield>
    <subfield code="o">.STAFF. Tesis</subfield>
  </datafield>
  <datafield tag="980" ind1=" " ind2=" ">
    <subfield code="8">1</subfield>
    <subfield code="g">ALBERTO SANCHEZ Responsable de Automatizaci&#xF3;n</subfield>
  </datafield>
  <datafield tag="952" ind1=" " ind2=" ">
    <subfield code="r">2022-11-22 00:00:00</subfield>
    <subfield code="l">0</subfield>
    <subfield code="o">TT 3 A45 2013</subfield>
    <subfield code="p">T01355</subfield>
    <subfield code="t">e1</subfield>
    <subfield code="w">2015-12-10</subfield>
    <subfield code="x">PG</subfield>
    <subfield code="y">TESIS</subfield>
    <subfield code="z">Este &#xCD;tem NO se presta por ser Ejemplar #1.</subfield>
    <subfield code="1">0</subfield>
    <subfield code="2">ddc</subfield>
    <subfield code="7">1</subfield>
    <subfield code="8">TESIS</subfield>
    <subfield code="f">P85</subfield>
    <subfield code="a">BUL</subfield>
    <subfield code="b">BUL</subfield>
    <subfield code="c">TESIS</subfield>
    <subfield code="d">2015-12-10</subfield>
  </datafield>
</record>
